Geography Quiz

Random Geography or Asia Quiz
Score 0/25 Timer 08:00
13 Plays Today
% Correct
Jakarta
96.9%
Medan
78.3%
Surabaya
67.8%
Bandung
66.6%
Padang
59.4%
Makassar
59.2%
Tangerang
56.8%
Batam
55.6%
Bogor
54.8%
Palembang
54.5%
Depok
53%
Semarang
52.4%
Denpasar
51.3%
% Correct
Bekasi
49.6%
Malang
46.3%
Jambi
41.5%
Pekanbaru
37.7%
South Tangerang
33.3%
Bandar Lampung
33%
Samarinda
32.6%
Pontianak
32.1%
Balikpapan
31.9%
Banjarmasin
29.7%
Cimahi
23%
Tasikmalaya
18%
Remove Ads.
Support Sporcle.
Get the best of Sporcle when you Go Orange. This ad-free experience offers more features, more stats, and more fun while also helping to support Sporcle. Thank you for becoming a member.

You're not logged in!

Compare scores with friends on all Sporcle quizzes.
OR
Log In

Show Comments

Extras

Top Quizzes Today


Score Distribution

Your Account Isn't Verified!

In order to create a playlist on Sporcle, you need to verify the email address you used during registration. Go to your Sporcle Settings to finish the process.

Report this User

Report this user for behavior that violates our Community Guidelines.

Details: